Name the country by it's license plate- Image Quiz - Statistics

General Stats
  • This quiz has been taken 28 times
  • The average score is 13 of 16
Answer Stats
Picture Answer % Correct
Canada
100%
Egypt
100%
France
100%
Israel
100%
USA
100%
India
96%
Austria
93%
Japan
93%
Germany
89%
Italy
81%
Sweden
81%
Spain
78%
UAE
67%
UK
67%
Turkiye
37%
Indonesia
15%
No matching quizzes found
Score Distribution
Percent of People with Each Score
Percentile by Number Answered
Your Score History
You have not taken this quiz